| 000 | 01656nam a2200349Ia 4500 | ||
|---|---|---|---|
| 001 | ebr10067180 | ||
| 003 | CaPaEBR | ||
| 006 | m u | ||
| 007 | cr cn||||||||| | ||
| 008 | 040825s2004 sz sb i100 0 eng d | ||
| 020 | _z9241209208 | ||
| 040 |
_aCaPaEBR _cCaPaEBR |
||
| 035 | _a(OCoLC)56795126 | ||
| 050 | 1 | 4 |
_aRA8.A247 _b.S45 2004eb |
| 245 | 0 | 4 |
_aThe selection and use of essential medicines _h[electronic resource] : _breport of the WHO Expert Committee, 2003 ; (including the 13th Model List of Essential Medicines). |
| 246 | 3 | 0 | _aSelection and use of essential medicines |
| 246 | 3 | _aModel list of essential medicines | |
| 246 | 3 | _aWHO model list of essential medicines | |
| 260 |
_aGeneva : _bWorld Health Organization, _c2004. |
||
| 300 | _avi, 127 p. | ||
| 490 | 1 |
_aWHO technical report series, _x0512-3054 ; _v920 |
|
| 500 | _a"The WHO Expert Committee on the Selection and Use of Essential Medicines met in Geneva from 31 March to 3 April 2003"--P. 1. | ||
| 504 | _aIncludes bibliographical references. | ||
| 533 |
_aElectronic reproduction. _bPalo Alto, Calif. : _cebrary, _d2009. _nAvailable via World Wide Web. _nAccess may be limited to ebrary affiliated libraries. |
||
| 650 | 0 |
_aDrugs _xStandards _vCongresses. |
|
| 650 | 0 |
_aMedicine _vFormulae, receipts, prescriptions _vCongresses. |
|
| 650 | 0 |
_aDrug utilization _xStandards _vCongresses. |
|
| 655 | 7 |
_aElectronic books. _2local |
|
| 710 | 2 | _aebrary, Inc. | |
| 830 | 0 |
_aTechnical report series (World Health Organization) ; _v920. |
|
| 856 | 4 | 0 |
_uhttp://site.ebrary.com/lib/rucke/Doc?id=10067180 _zAn electronic book accessible through the World Wide Web; click to view |
| 999 |
_c49522 _d49522 |
||